000 01025nam a2200301 a 4500
008 951213s1983||||[C 0 slo c
020 _c25 Kčs.
040 _aSNK
_bslo
_cSNK
_eAACR2
041 1 _aslo
_hcze
044 _axo
_cSK
080 _a78.01
100 1 _aPilka, Jiří
_4aut
245 1 0 _aZaostrené na hudbu
_cJiří Pilka ; Stanislav Jareš, Elena Kučerová, Václav Chochola, Alois Kotek, Miroslav Jarošík, Igor Grosmann, Eduard Hollý, Tibor Borský, Peter Danay
250 _a1., vyd.
260 _aBratislava
_bOpus
_c1983
_eBratislava
_fPolygrafické závody
300 _a176 s., 11,4 AH
_bNoty.
_c24 cm
500 _aFareb. fot. na front. Lit. 3. Zozn. obr.
700 1 _aJareš, Stanislav
_4com
700 1 _aKučerová, Elena
_4trl
700 1 _aChochola, Václav
_4bkd
700 1 _aKotek, Alois
_4bkd
700 1 _aJarošík, Miroslav
_4bkd
700 1 _aGrosmann, Igor
_4bkd
700 1 _aHollý, Eduard
_4bkd
700 1 _aBorský, Tibor
_4bkd
700 1 _aDanay, Peter
_4bkd
958 _aA
999 _c19690
_d19690